000 00612nam a2200193Ia 4500
003 LDD
008 190117s9999 xx 000 0 und d
020 _a9789352211272
_c₹300
040 _cLDD
041 _ahi
082 _a8H1.71 या4668उ
100 _aय़ादव, आलोक
245 0 _aउसी के नाम
_cआलोक य़ादव
260 _aइलाहाबाद
_bलोकभारती प्रकाशन
_c2016
300 _a134p.
901 _aRAJ
904 _aReqst by : Satyakam
942 _2ddc
_cH
999 _c167670
_d167670